Formulation of different types of sinking and floating feeds and their effect on growth of monosex tilapia / (Record no. 83028)
[ view plain ]
| 000 -LEADER | |
|---|---|
| fixed length control field | 01010nam a22002417a 4500 |
| 001 - CONTROL NUMBER | |
| RUCL Control Number | 83028 |
| 003 - CONTROL NUMBER IDENTIFIER | |
| rucl marc code | BD-RjUL |
| 005 - DATE AND TIME OF LATEST TRANSACTION | |
| control field | 20240210153946.0 |
| 008 - FIXED-LENGTH DATA ELEMENTS--GENERAL INFORMATION | |
| fixed length control field | 240210s2018 bg a|||| m||| 00| 0 eng d |
| 035 ## - SYSTEM CONTROL NUMBER | |
| system control number | (BD-RjUL)83028 |
| 040 ## - CATALOGING SOURCE | |
| Original cataloging agency | BD-RjUL |
| Language of cataloging | eng |
| Transcribing agency | BD-RjUL |
| Modifying agency | BD-RjUL |
| 041 ## - LANGUAGE CODE | |
| Language code of Book | eng |
| 082 ## - DEWEY DECIMAL CLASSIFICATION NUMBER | |
| DDC Edition number | 23 |
| Classification number | 636.0855 |
| Author mark and Year | BHF 2018 |
| 100 ## - MAIN ENTRY--PERSONAL NAME | |
| Personal name | Bhuyain, Mohammad. Abdul Baten |
| 9 (RLIN) | 11597 |
| 245 10 - TITLE STATEMENT | |
| Title | Formulation of different types of sinking and floating feeds and their effect on growth of monosex tilapia / |
| Statement of responsibility, etc | By Mohammad. Abdul Baten Bhuyain ; |
| Name of Supervisor/Co-Supervisor | Supervisor : Md. Istiaque Hossain |
| 260 ## - PUBLICATION, DISTRIBUTION, ETC. (IMPRINT) | |
| Place of publication, distribution, etc | Rajshahi : |
| Name of publisher, distributor, etc | Department of Fisheries Faculty of Agriculture, University of Rajshahi, |
| Date of publication, distribution, etc | 2018 |
| 300 ## - PHYSICAL DESCRIPTION | |
| Pagination | xiii, 172 leaves : |
| Other physical details | ill, ; |
| Dimensions | 29.cm. |
| 502 ## - DISSERTATION NOTE | |
| Dissertation note | Thesis (Ph. D.) -- Department of Fisheries Faculty of Agriculture, University of Rajshahi, 2018 |
| 504 ## - BIBLIOGRAPHY, ETC. NOTE | |
| Bibliography, etc | References : Leaves 137 - 155 |
| 650 ## - SUBJECT ADDED ENTRY--TOPICAL TERM | |
| Topical term or geographic name as entry element | Feeds |
| Form subdivision | Animal husbandry |
| 9 (RLIN) | 11598 |
| 700 ## - ADDED ENTRY--SUPERVISOR/CO-SUPERVISOR NAME | |
| Personal name | Hossain, Md. Istiaque, Supervisor |
| 9 (RLIN) | 8752 |
| 942 ## - ADDED ENTRY ELEMENTS (KOHA) | |
| Source of classification or shelving scheme | Dewey Decimal Classification |
| Koha item type | Theses |
| Source of classification or shelving scheme | Damaged status | Not for loan | Collection code | Permanent Location | Current Location | Shelving location | Date of accession | Source of acquisition | Total Checkouts | Full call number | Barcode | Date last seen | Copy number | Thesis |
|---|---|---|---|---|---|---|---|---|---|---|---|---|---|---|
| Dewey Decimal Classification | Not For Loan | Theses | Central Library, University of Rajshahi | Central Library, University of Rajshahi | Documentation Section | 06/05/2019 | Controller of Exam. R. U. | THE 636.0855 BHF 2018 | D4303 | 10/02/2024 | C-1 | Theses |